000296083 001__ 296083
000296083 005__ 20240928180859.0
000296083 0247_ $$aG:(GEPRIS)322657802$$d322657802
000296083 035__ $$aG:(GEPRIS)322657802
000296083 040__ $$aGEPRIS$$chttp://gepris.its.kfa-juelich.de
000296083 150__ $$aEntwicklung einer Methodik zur Bestimmung von Reaktionspfaden und -raten komplexer Verbrennungsreaktionsnetzwerke$$y2016 - 2021
000296083 371__ $$aProfessor Dr. Kai Leonhard
000296083 450__ $$aDFG project G:(GEPRIS)322657802$$wd$$y2016 - 2021
000296083 5101_ $$0I:(DE-588b)2007744-0$$aDeutsche Forschungsgemeinschaft$$bDFG
000296083 680__ $$aIn vielen energie- und verfahrenstechnischen Anwendungen werden chemische Reaktionsmechanismen benötigt, um Prozesse und Geräte auszulegen. Oft gibt es so viele Spezies und Reaktionen, dass nicht alle Elementarreaktionsraten aus experimentell ermittelbaren Daten bestimmt werden können. Daher wurden die experimentellen Untersuchungen in den letzten Jahren durch ab initio-Rechnungen ergänzt. Solche Rechnungen erfordern jedoch chemische Intuition sowie viel Arbeits- und Rechenzeit. Dennoch leidet ihre Genauigkeit oft unter den Näherungen, die immer noch in den Modellen benutzt werden müssen. Wir schlagen daher in diesem Antrag vor, molekulardynamische Simulationen mit einem reaktiven Kraftfeld durchzuführen, um automatisch Reaktionspfade und Übergangszustände zu bestimmen. Letztere werden in einem zu automatisierenden Verfahren durch quantenmechanische Rechnungen verbessert und dann zur Berechnung von Reaktionsraten herangezogen. Im Rahmen dieses Ansatzes sind gleichzeitig einige in den derzeitigen Modellen übliche Annahmen Überflüssig. Daher erwarten wir, eine Methodik zu entwickeln, mit der Mechanismen und Raten schneller und genauer als derzeit bestimmt werden können. Die Methodik soll als Softwarewerkzeug zur Verfügung gestellt werden und benutzt werden, um die Zündeigenschaften und die Schadstofffreisetzung neuartiger Biokraftstoffe zu untersuchen.
000296083 909CO $$ooai:juser.fz-juelich.de:962826$$pauthority$$pauthority:GRANT
000296083 909CO $$ooai:juser.fz-juelich.de:962826
000296083 980__ $$aG
000296083 980__ $$aAUTHORITY